000 00638nam a22001937a 4500
003 OSt
005 20180116183042.0
008 160224b xxu||||| |||| 00| 0 eng d
020 _a16-1722014-2
024 _216-1722014-2
040 _cLahore University of Management Sciences
082 _a174.4 LUM 2014
100 _aAhsan Rana
245 _aPUNJAB HEALTH FOUNDATION: GOVERNANCE STRUCTURE AND PROGRAM PORTFOLIO
_cAhsan Rana
260 _aLahore
_bLahore University of Management Sciences
_c2014
300 _a29 p.
_bPapers
440 _aPUNJAB HEALTH FOUNDATION: GOVERNANCE STRUCTURE AND PROGRAM PORTFOLIO
942 _2ddc
_cCS
999 _c351301
_d351301